• 首页
  • 本馆介绍
  • 公告通知
  • 最新文献
  • 馆藏检索
  • 电子资源
  • 读者导购
  • 参考咨询
  • 我的图书馆
  • 登录
  • 详细信息显示
  • 放入我的书架
  • 预约/预借图书
  • 作者相关作品
  • 分类相关作品
  • 丛书相关作品
  • 出版社相关作品

书目信息

  • 表格格式
  • 工作单格式
  • 卡片格式
题名:
翻转吧,科学!爸爸的科学课
    
 
作者: 火星人俱乐部 编著
分册:  
出版信息: 北京   化学工业出版社  2017.07
页数: 63页
开本: 25cm
丛书名:
单 册:
中图分类: Z228.1
科图分类:
主题词: 百科全书--中国
电子资源:
ISBN: 978-7-122-29837-9
000 00666nam0 2200205 450
001 2657884614
005 20260317160542.27
010    @a978-7-122-29837-9@dCNY20.00
100    @a20260317d2017 km y0chiy0120 ea
101 0  @achi
102    @aCN@b110000
102    @aCN@b110000
200 1  @a翻转吧,科学!爸爸的科学课@AFan Zhuan Ba,Ke Xue!Ba Ba De Ke Xue Ke@f火星人俱乐部编著@FHuo Xing Ren Ju Le Bu Bian Zhu
210    @a北京@c化学工业出版社@d2017.07
215    @a63页@d25cm
606 0  @a百科全书@x中国
690    @aZ228.1@v4
701  0 @a火星人俱乐部@AHuo Xing Ren Ju Le Bu@4编著
801  0 @aCN@b大连网信软件有限公司图书馆·11@c20260317
905    @aZUCC@dZ228.1@e277:2
    
    翻转吧,科学!爸爸的科学课/火星人俱乐部编著.-北京:化学工业出版社,2017.07
    63页;25cm
    
    
    ISBN 978-7-122-29837-9:CNY20.00
    
●
相关链接 在E读中查询图书 在五车中查询图书 在当当中查询图书 在豆瓣中查询图书


正题名:翻转吧,科学!爸爸的科学课     索取号:Z228.1/277:2         预约/预借

序号 登录号 条形码 馆藏地/架位号 状态 备注
1 1442174   214421749   第二样本阅览室/ [索取号:Z228.1/277:2] 在馆    
唐山师范学院图书馆 欢迎您!
大连网信软件有限公司© 版权所有